Statistiques concernant Les 10 meilleurs buteurs en 2021.

Cliquez ici pour prendre le quiz!

Statistiques générales

  • Ce quiz a été pris 251 fois
  • Le résultat moyen est 9 sur 10

Statistiques - réponses

ButsJoueursClubs% Correct
51Kylian MbappePSG
100%
47Karim BenzemaReal
99%
43Lionel MessiBarca/ PSG
99%
69Robert LewandowskiBayern
96%
44Harry KaneTottenham
95%
39Mohamed SalahLiverpool
95%
47Cristiano RonaldoJuve/ Man United
94%
49Erling HaalandDortmund
94%
39Memphis DepayLyon/ Barca
80%
41Dusan VlahovicFiorentina
52%

Distribution des résultats

Percentile par nombre de réponses

% des personnes avec chaque résultat

Votre développement - résultats

Vous n’avez pas pris ce quiz